Pilgrimage: A contemporary quest for ancient wisdom (Record no. 174065)

MARC details
000 -LEADER
fixed length control field 00374nam a2200145Ia 4500
008 - FIXED-LENGTH DATA ELEMENTS--GENERAL INFORMATION
fixed length control field 230917s9999||||xx |||||||||||||| ||und||
040 ## - CATALOGING SOURCE
-- 203766
Original cataloging agency VIVEKANANDA LIBRARY
041 ## - Language
-- English
082 ## - DDC NUMBER
Classification number 869.3 C65Z
100 ## - MAIN ENTRY--PERSONAL NAME
Personal name Coelho, Paulo
245 #0 - TITLE STATEMENT
Title Pilgrimage: A contemporary quest for ancient wisdom
260 ## - PUBLICATION, DISTRIBUTION, ETC. (IMPRINT)
Place of publication, distribution, etc Noida
Name of publisher, distributor, etc Harper Collins
Date of publication, distribution, etc 1997
300 ## - PHYSICAL DESCRIPTION
Pages 226 p.
942 ## - ADDED ENTRY ELEMENTS (KOHA)
Koha item type Books
Holdings
Withdrawn status Lost status Damaged status Not for loan Location (home branch) Sublocation or collection (holding branch) Date acquired Koha issues (times borrowed) Koha full call number Accession No. Koha date last seen Koha item type
        VIVEKANANDA LIBRARY VIVEKANANDA LIBRARY 17/11/2012   869.3 C65Z 326726 17/09/2023 Books
© Designed and Maintained by Vivekananda Library, MDU Rohtak